Elements of style. Volume 3, Episode 3, The shopping news : international /

"Visit Noho with designer Antonio Berardi. Examine vintage finds with Gavin Douglas in Camden Passage. Tour hot Johannesburg shops with Black Coffee. Explore aint Germain with Catherine Malandrino."--Publisher website.

Bibliographic Details
Other Authors: Cardin, Marlene McGinnis (Producer), Charney, Nicolas H. (Director)
Format: Video
Language:English
Language Notes:In English.
Published: New York, NY : Videofashion, 2008.
Subjects:
Online Access:Connect to this streaming video (Alexander Street Press)

MARC

Tag First Indicator Second Indicator Subfields
LEADER 00000cgm a22000003a 4500
001 in00003744913
006 m|||||o||c||||||||
007 cr |n||||||||a
007 vz |za|z|
008 140703s2008 nyu024 e |o v|eng d
005 20260324202714.2
035 |a (OCoLC)885278464 
035 |a ASP2476764/fash 
040 |a VaAlASP  |c VaAlASP  |d UtOrBLW 
050 4 |a TT502  |b .E446 2008 
245 0 0 |a Elements of style.  |n Volume 3, Episode 3,  |p The shopping news : international /  |c by Videofashion. 
264 1 |a New York, NY :  |b Videofashion,  |c 2008. 
300 |a 1 online resource (24 min.) 
306 |a 002400 
336 |a two-dimensional moving image  |b tdi  |2 rdacontent 
337 |a computer  |b c  |2 rdamedia 
337 |a video  |b v  |2 rdamedia 
338 |a online resource  |b cr  |2 rdacarrier 
338 |a other  |b vz  |2 rdacarrier 
500 |a Title from resource description page (viewed Jul. 24, 2014). 
520 |a "Visit Noho with designer Antonio Berardi. Examine vintage finds with Gavin Douglas in Camden Passage. Tour hot Johannesburg shops with Black Coffee. Explore aint Germain with Catherine Malandrino."--Publisher website. 
530 |a Previously released as DVD. 
546 |a In English. 
500 |a Electronic resource. 
650 0 |a Fashion designers.  |0 http://id.loc.gov/authorities/subjects/sh91001411 
650 0 |a Fashion.  |0 http://id.loc.gov/authorities/subjects/sh85047377 
650 0 |a Shopping.  |0 http://id.loc.gov/authorities/subjects/sh85121778 
655 7 |a Internet videos.  |2 lcgft  |0 http://id.loc.gov/authorities/genreForms/gf2011026337 
655 7 |a Documentary television programs.  |2 lcgft  |0 http://id.loc.gov/authorities/genreForms/gf2011026207 
700 1 |a Cardin, Marlene McGinnis,  |e producer.  |0 http://id.loc.gov/authorities/names/no2011192785 
700 1 |a Charney, Nicolas H.,  |e director.  |0 http://id.loc.gov/authorities/names/no2012046161 
710 2 |a Videofashion Network,  |e production company.  |0 http://id.loc.gov/authorities/names/no2007078991 
776 1 |c Original  |w (OCoLC)635976830 
856 4 0 |u http://proxy.library.tamu.edu/login?url=https://www.aspresolver.com/aspresolver.asp?FASH;2476764  |z Connect to this streaming video (Alexander Street Press)  |t 0 
999 f f |s c2135d7e-bdfd-3fcc-8ebb-a5d1ed84f827  |i 1d26ca28-b47d-3991-80d1-c16e256dc5e5  |t 0 
952 f f |a Texas A&M University  |b College Station  |c Electronic Resources  |s www_evans  |d Available Online  |t 0  |e TT502 .E446 2008  |h Library of Congress classification 
998 f f |a TT502 .E446 2008  |t 0  |l Available Online